000 00867nam a2200265Ia 4500
003 OSt
005 20220923211238.0
006 a|||||r|||| 00| 0
007 ta
008 Pun
020 _a9788173293696 (hbk)
_c200
024 _a319,523
037 _b775, 27/02/2017, H.K. Prakashan
_cTextual
040 _aARTS
_cARTS
_bPun
041 _2Pun
_aPun
082 _aO153,2NSI2:g, Q5
100 _aਰਾਜਵੀਰ ਕੌਰ, ਂਚ.
245 0 _aਚਰਨ ਸਿੰਘ ਸਿੰਧਰਾ ਦਾ ਨਾਟ-ਜਗਤ
260 _aਦਿੱਲੀ
_b Fਿਲਾਲੇਖ
_c2015
300 _a127ਪ੍ਰ0
_ccm.
650 _a ਪੰਜਾਬੀ ਨਾਟਕ
650 _aਸ਼ਚਅਹ਼ਲਜ
942 _hO153,2NSI2:g, Q5
_cTEXL
_2CC
999 _c297569
_d297569